| 000 | 00670nam a22001817a 4500 | ||
|---|---|---|---|
| 003 | 0 | ||
| 005 | 20250626114201.0 | ||
| 008 | 231018b xxu||||| |||| 00| 0 eng d | ||
| 050 |
_aPHS UA 853.P6 _b.D38 2023 |
||
| 100 | _aDatu, Joaquin Emmanuel A. | ||
| 245 |
_aFrom mandatory to voluntary-the transition of the ROTC program in the Philippines _cJoaquin Emmanuel A. Datu |
||
| 260 |
_aLas Pinas City _bSouthville International School and Colleges _c2023. |
||
| 300 |
_a81 pages ; _c29 cm. |
||
| 504 | _aIncludes bibliographical references. | ||
| 650 |
_aReserve Officers' Training Corps _vResearch. |
||
| 650 |
_aMilitary education _zPhilippines. |
||
| 942 |
_2lcc _cPASS |
||
| 999 |
_c365533 _d365533 |
||